| 000 | 00402nam a2200157Ia 4500 | ||
|---|---|---|---|
| 008 | 230917s9999||||xx |||||||||||||| ||und|| | ||
| 020 | _cRS38 | ||
| 040 |
_e7057 _aMAIN |
||
| 041 | _aEnglish | ||
| 082 | _a320.50954 S64F | ||
| 100 | _aSingh, V B | ||
| 245 | 0 | _aFrom Naoroji to Nehru: Six essays in Indian economic thought | |
| 260 |
_aDelhi _bMacmillan _c1975 |
||
| 300 | _avi, 174 p. | ||
| 942 | _cBK | ||
| 999 |
_c142813 _d142813 |
||